Linear algebra problem book /

Gespeichert in:
Bibliographische Detailangaben
1. Verfasser: Halmos, Paul R (Verfasst von)
Format: Buch
Sprache:Englisch
Veröffentlicht: Washington : Mathematical Association of America, 1995
Schlagworte:
Tags: Tag hinzufügen
Keine Tags, Fügen Sie das erste Tag hinzu!

MARC

LEADER 00000nam a22000003a 4500
001 stu9525
005 20150617225804.9
008 970709s1995----xxu-----------------eng-d
020 |a 0-88385-322-1 
040 |a STU  |b slo 
041 0 |a eng 
044 |a xxu 
080 |a 512.64 
100 1 |a Halmos, Paul R  |4 aut 
245 1 |a Linear algebra problem book /  |c [aut.] Halmos,Paul R 
260 |a Washington :  |b Mathematical Association of America,  |c 1995 
300 |a 336 s 
650 7 |a lineárna algebra  |2 stusub 
996 |b E81305  |c E*81305  |l EE03  |s P  |a 0  |w stu9525_0001 
996 |b E81685  |c E*81685  |l EE03  |s P  |a 0  |w stu9525_0002